North America Countries - Map Quiz - Statistics

General Stats
  • This quiz has been taken 52 times
    49 since last reset
  • The average score is 16 of 23
Answers on the Map
Answers color-coded by a green-red scale on the quiz's map according to % correct below.
 
Answer Stats
Answer % Correct
Mexico
96%
United States
96%
Canada
93%
Bahamas
85%
Cuba
81%
Guatemala
81%
Costa Rica
78%
Dominican Republic
78%
Jamaica
78%
Panama
78%
El Salvador
74%
Haiti
70%
Honduras
70%
Nicaragua
70%
Trinidad And Tobago
63%
Belize
59%
Barbados
56%
Saint Kitts and Nevis
48%
Dominica
41%
Grenada
41%
Saint Lucia
41%
Saint Vincent and the Grenadines
41%
Antigua and Barbuda
33%
No matching quizzes found
Score Distribution
Percent of People with Each Score
Percentile by Number Answered
Your Score History
You have not taken this quiz since the last reset